| 000 | 00608cam a2200169 4500500 | ||
|---|---|---|---|
| 005 | 20260405003918.0 | ||
| 041 | _afre | ||
| 042 | _adc | ||
| 100 | 1 | 0 |
_ade Oliveira, Victorine _eauthor |
| 245 | 0 | 0 | _aPierre Pontier : “Ce que cherche à faire Xénophon, c’est réformer, orienter, voire changer le tyran en roi idéal” |
| 260 | _c2025. | ||
| 500 | _a32 | ||
| 690 | _aTyran | ||
| 690 | _aXénophon | ||
| 786 | 0 | _nPhilosophie magazine | 188 | 4 | 2025-04-01 | p. 36-36 | 1951-1787 | |
| 856 | 4 | 1 | _uhttps://shs.cairn.info/magazine-philosophie-magazine-2025-4-page-36?lang=fr&redirect-ssocas=7080 |
| 999 |
_c2072020 _d2072020 |
||